00555nam a22002057a 4500003000500000005001700005008004100022010001000063011001000073035001000083040000900093082001600102100002200118245004400140260004200184300002000226650004000246650003400286700002900320CHAP20220329134433.0971013s1943 r 00010 d a20484 a21456 a25546 cCHAP a635.92bD6300aDodge, Bernard O. aDiseases and pests of ornamental plants aLancaster, Penn. :bJ. Cattell,c1943 a638 p.b: ilus.14aPlantas ornamentalesxEnfermedades.14aPlantas ornamentalesxPlagas.0 aRickett, Harold William.